Técnicas de investigación social /

Uloženo v:
Podrobná bibliografie
Hlavní autor: Ander-Egg, Ezequiel (autor)
Médium: Kniha
Jazyk:španělština
Vydáno: Alicante, España : Humanitas, 1983
Témata:
Tagy: Přidat tag
Žádné tagy, Buďte první, kdo vytvoří štítek k tomuto záznamu!

MARC

LEADER 00000nam^a2200000^a^4500
001 000402488
005 20250521000000.0
009 20260310121713.549
020 |a 84-300-8931-4 
037 |a Acervo ITESO - Biblioteca 
041 |a ESP 
082 |a 300. 72  |b AND 
100 |a Ander-Egg, Ezequiel  |e (autor) 
240 1 1 |a [Introducción a las técnicas de investigación social para trabajadores sociales] 
245 1 0 |a Técnicas de investigación social /  |c E. Ander-Egg. 
264 1 |a Alicante, España :  |b Humanitas,  |c 1983 
300 |a 500 p. 
336 |a texto  |b txt  |2 rdacontenido 
337 |a sin mediación  |b n  |2 rdamedio 
338 |a volumen  |b nc  |2 rdasoporte 
561 |a Ex libris manuscrito de Carlos Núñez Hurtado 
649 |a XX 
650 |a Método Científico 
650 |a Investigación -  |x Informes 
650 |a Investigación -  |x Metodología 
650 |a Ciencias Sociales -  |x Investigación -  |x Tema Principal 
650 |a Ciencias Sociales -  |x Metodología 
650 |a Metodología 
910 |a Fondo Carlos Núñez Hurtado 
920 |a Impresos - Libros 
930 |a Fondos Especiales 
905 |a 117 
901 |a 0500297743  |b IT2  |c ESP  |i d79727  |u 20250521 
902 |a https://opac.biblio.iteso.mx/vufind/Record/000402488